Particulars of Shakspeare's House at Stratford on Avon for sale by auction by Mr Robins at the Mart London on Thursday 16 September at 12 o'clock (Record no. 116358)

MARC details
000 -LEADER
fixed length control field 00999cam a22002175a 4500
001 - CONTROL NUMBER
control field L140563
008 - FIXED-LENGTH DATA ELEMENTS--GENERAL INFORMATION
fixed length control field 070928s1847 xxk eng u
035 ## - SYSTEM CONTROL NUMBER
System control number (Sirsi) u140563
041 0# - LANGUAGE CODE
Language code of text/sound track or separate title eng
110 2# - MAIN ENTRY--CORPORATE NAME
Corporate name or jurisdiction name as entry element George Robins
245 00 - TITLE STATEMENT
Title Particulars of Shakspeare's House at Stratford on Avon for sale by auction by Mr Robins at the Mart London on Thursday 16 September at 12 o'clock
260 ## - PUBLICATION, DISTRIBUTION, ETC.
Place of publication, distribution, etc. London
Name of publisher, distributor, etc. Alfred Robins
Date of publication, distribution, etc. 1847
300 ## - PHYSICAL DESCRIPTION
Extent 16 p.
Other physical details ill., map
Dimensions 32 cm.
351 ## - ORGANIZATION AND ARRANGEMENT OF MATERIALS
Hierarchical level Single item
500 ## - GENERAL NOTE
General note Includes a copy from the register at Stratford upon Avon of the baptisms, marriages and burials of the Shakepeare family from 1558 to 1778; a historical and descriptive account of the birth place of Shakespeare, and extracts from works on Shakespeare and Stratford upon Avon.
500 ## - GENERAL NOTE
General note Title from cover.
600 1# - SUBJECT ADDED ENTRY--PERSONAL NAME
Personal name Shakespeare, William
651 4# - SUBJECT ADDED ENTRY--GEOGRAPHIC NAME
Geographic name Stratford upon Avon
690 ## - LOCAL SUBJECT ADDED ENTRY--TOPICAL TERM (OCLC, RLIN)
Topical term or geographic name as entry element PROPERTY-PROPERTY ACQUISITION AND DISPOSAL-ACQUISITION AND DISPOSAL AT AUCTION
942 ## - ADDED ENTRY ELEMENTS (KOHA)
Suppress in OPAC 0
Holdings
Withdrawn status Lost status Source of classification or shelving scheme Damaged status Not for loan Home library Current library Shelving location Date acquired Total Checkouts Full call number Barcode Date last seen Copy number Price effective from Koha item type
    Dewey Decimal Classification     Historic collection Historic collection Historic collection 28/09/2007   MAP CABINET DRAWER 6 140563-2001 06/08/2019 1 06/08/2019 Archive